01191 a2200169 45000010006000000050017000060080041000230030015000640400040000790800068001192450134001872640055003213000018003765050586003940410008009801000033009883663620260407155640.0260407a1999 arg spa dAR-UNSa-BCEJYS aAR-UNSa-BCEJYSbspacAR-UNSa-BCEJYS a336.1xFinanzas Públicas. Finanzas del gobierno en general 10aDescentralización estatal y decisionismo fiscalpenfoque crítico y propuestas a partir de la experiencia Argentina. 1960-1990 1aSanta Fe :bUniversidad Nacional del Litoralc1999 a66 p.c25 cm. a1. Las vertientes discursivas de la descentralización estatal y la presencia estratégica de la dimensión fiscla. Ambiguedades y límites en la vertiente discursiva dominante de la descentralización fiscal - 2. Concentración, desconcentración y descentralización estatal. Análisis de las relaciones interjurisdiccionales en el caso argentino (1960-1990) desde el decisionismo fiscal - 3. Desde los límites de la vertiente discursiva dominante de la descentralización estatal-fiscal a la formulación de una alternativa. Explorando los caminos de la doble vía aspa1 aFernández, Víctor Ramiro